The use of mediation in construction disputes (Record no. 109624)

MARC details
000 -LEADER
fixed length control field 01214cad a22002415a 4500
001 - CONTROL NUMBER
control field E147563
008 - FIXED-LENGTH DATA ELEMENTS--GENERAL INFORMATION
fixed length control field 090526e20090507xxkd f 000 0 eng d
035 ## - SYSTEM CONTROL NUMBER
System control number (Sirsi) u147563
041 0# - LANGUAGE CODE
Language code of text/sound track or separate title eng
050 04 - LIBRARY OF CONGRESS CALL NUMBER
Classification number 347.4207 $2 18
110 2# - MAIN ENTRY--CORPORATE NAME
Corporate name or jurisdiction name as entry element Centre of Construction Law and Dispute Resolution
9 (RLIN) 5739
245 04 - TITLE STATEMENT
Title The use of mediation in construction disputes
Remainder of title summary report of the final results
Medium [electronic resource]
260 ## - PUBLICATION, DISTRIBUTION, ETC.
Place of publication, distribution, etc. London
Name of publisher, distributor, etc. King's College London
Date of publication, distribution, etc. 2009
520 ## - SUMMARY, ETC.
Summary, etc. Presents the results of a survey of the representatives of parties to litigation in the Technology and Construction Court. The research was aimed at assessing the effectiveness and value for money of mediations relating to disputes in the construction industry. Tables.
521 ## - TARGET AUDIENCE NOTE
Target audience note Advanced
590 ## - LOCAL NOTE (RLIN)
Local note KA
651 #4 - SUBJECT ADDED ENTRY--GEOGRAPHIC NAME
Geographic name England
Chronological subdivision 886-
690 ## - LOCAL SUBJECT ADDED ENTRY--TOPICAL TERM (OCLC, RLIN)
Topical term or geographic name as entry element MANAGEMENT-DISPUTE AVOIDANCE, MANAGEMENT AND RESOLUTION-DISPUTE MANAGEMENT AND RESOLUTION
710 1# - ADDED ENTRY--CORPORATE NAME
Corporate name or jurisdiction name as entry element King's College London
710 1# - ADDED ENTRY--CORPORATE NAME
Corporate name or jurisdiction name as entry element Technology and Construction Court
856 40 - ELECTRONIC LOCATION AND ACCESS
Uniform Resource Identifier <a href="https://www.adjudication.org/sites/default/files/Summary%20Report%20of%20the%20Final%20Results_0.pdf">https://www.adjudication.org/sites/default/files/Summary%20Report%20of%20the%20Final%20Results_0.pdf</a>
Public note View the report (pdf) free of charge at www.adjudication.org...
942 ## - ADDED ENTRY ELEMENTS (KOHA)
Suppress in OPAC 0
Holdings
Withdrawn status Lost status Source of classification or shelving scheme Damaged status Not for loan Home library Current library Shelving location Date acquired Total Checkouts Full call number Barcode Date last seen Copy number Price effective from Koha item type
    Dewey Decimal Classification     Virtual Virtual Online 26/05/2009   ONLINE PUBLICATION 147563-2001 06/08/2019 1 06/08/2019 Book